000 00585 a2200217 4500
001 151165
003 OSt
005 20211217160820.0
008
020 _a9788131759202
082 _a332.6
_bR16S
100 1 _aRanganatham, M.
245 1 _aSecurity analysis and portfolio management
_cby M. Ranganatham and R. Madhumathi
250 _a2nd ed.
260 _aNew Delhi
_bPearson
_c2014, 2018
300 _axxvi, 766p.
653 _aPortfolio management
653 _aInvestment analysis
700 _aMadhumathi, R.
942 _2ddc
_cBK
999 _c14326
_d14326